Геохимические исследования горных пород, минералов и вод Забайкалья: сборник статей

Bibliografske podrobnosti
Korporativna značnica: Академия наук СССР (АН СССР) Сибирское отделение (СО) Бурятский геологический институт (БГИ)
Drugi avtorji: Миронов А. Г. (редактор), Погребняк Ю. Ф.
Jezik:ruščina
Izdano: Улан-Удэ, БФАН СССР, 1981
Teme:
Format: MixedMaterials Knjiga
KOHA link:https://koha.lib.tpu.ru/cgi-bin/koha/opac-detail.pl?biblionumber=312620

MARC

LEADER 00000nam0a2200000 4500
001 312620
005 20231102002513.0
035 |a (RuTPU)RU\TPU\book\337989 
090 |a 312620 
100 |a 20151225d1981 k y0rusy50 ca 
101 0 |a rus 
102 |a RU 
105 |a a z 000zy 
200 1 |a Геохимические исследования горных пород, минералов и вод Забайкалья  |e сборник статей  |f Академия наук СССР (АН СССР), Сибирское отделение (СО), Бурятский геологический институт (БГИ) ; под ред. А. Г. Миронова ; Ю. Ф. Погребняка 
210 |a Улан-Удэ  |c БФАН СССР  |d 1981 
215 |a 194 с.  |c ил. 
606 |a Геохимия  |2 stltpush  |3 (RuTPU)RU\TPU\subj\6296  |9 34219 
610 1 |a горные породы 
610 1 |a минералы 
610 1 |a воды 
610 1 |a геохимические исследования 
610 1 |a Забайкалье 
675 |a 550.4  |v 4 
702 1 |a Миронов  |b А. Г.  |4 340 
702 1 |a Погребняк  |b Ю. Ф.  |4 340 
712 0 2 |a Академия наук СССР (АН СССР)  |b Сибирское отделение (СО)  |b Бурятский геологический институт (БГИ)  |c (Улан-Удэ)  |2 stltpush  |3 (RuTPU)RU\TPU\col\11435 
801 1 |a RU  |b 63413507  |c 20151225 
801 2 |a RU  |b 63413507  |c 20170906  |g RCR 
942 |c BK